Регионална библиотека "Любен Каравелов" - Русе

Ода за СССР = Ода за Советскому союзу и др (Запис номер 479700)

MARC детайли
000 -Лидер
Контролно поле с фиксирана дължина nam a22 a 4500
003 - Код на организацията, давaща контролен номер
Контролно поле BLK
005 - Дата и час на последна редакция
Контролно поле 20230403142820.0
008 - Елементи от данни с фиксирана дължина
fixed length control field 221109b bu |||||r|||| 00| | bu d
040 ## - Източник на каталожния запис
Идентификатор на билиотеката - собственик на записа BLK
041 ## - Код за език
Код за езика на текст/звукозапис или на отделно заглавие Български
-- Руски
-- Френски
-- Английски
-- Испански
-- Немски
Код за езика КДБФ Български
080 ## - УДК
Текстов определител УДК Българска литература
УДК код - определител по УДК 821.163.2
УДК определител -1
УДК - код + определител 821.163.2-1
100 ## - Редна дума - Автор
Автор Орлинов, Орлин
Автор - информация (биография) Василев, Орлин Орлинов
R(LIN) 372003
139 ## - Редно поле
Редна дума Орлинов, Орлин
245 ## - Сведения за заглавието
Заглавие Ода за СССР = Ода за Советскому союзу и др
Редно поле (дума) Орлин Орлинов
246 ## - Различни форми на заглавието
Паралелно заглавие Ода за Советскому союзу
260 ## - Област на издателските данни
9 (RLIN) 217007
Място на издаване, разпространение и проч. София
Име на издателя, разпространителя и проч. Sofia-Press
Година на издаване [1978]
300 ## - Физическа характеристика
Страници 44 с.
Размери/Мащаб 24 см
380 ## - Жанр
Жанр Худож. лит.
500 ## - Общи забележки
Забележка Други парал. загл.: Orlin Orlinov. Ode a l'U.R.S.S..; Ode to the USSR; Оda a la URSS; Ode aut die Sowietunion ; Парал. текст на рус., фр., англ., исп. и нем. ез, прев. Виктор Виноградов, Пиер Гамзра, Петер Темпест, Тодор Нейков, Паул Виенс<br/>3 200 тир
852 ## - Местоположение
Форматна сигнатура Цб 90900
Фондова буква Хранилище
856 ## - Електронен адрес и достъп
Инструкция (цена за достъп) 0.00
Права за достъп disable
999 ## - СИСТЕМНИ КОНТРОЛНИ НОМЕРА
Koha biblionumber 479700
Koha biblioitemnumber 479700
942 ## - АРТИКУЛИ
Вид на библиотечния материал Книги
Скрит в OPAC Не
Периодичен библиозапис Да
944 ## - СЪЗДАВАНЕ И РЕДАКЦИЯ на ЗАПИСА
Създаване/Редакция Създаване
Дата на регистрацията/редакция 2022-11-09
Служител, извършил регистрацията/редакцията Микаела Микова-Илиева
Статус, дата на статуса 2022-11-09
Наличности
Код за отписване Код за изгубен артикул Източник на класификационната схема Код за повреда Коз за рестрикции Код за отдаване Артикулен № Име на библиотеката - собственик Име на библиотеката, в която се намира в момента Статус (Текущо местоположение) Дата на вписване в системата Местоположение - отдел Цена в лева Инвентарен номер Систематично азбучна сигнатура Баркод Цена в евро Служебен тип на артикула
  Не е изгубен Universal Decimal Classification Не е повреден само за читалня ползва се в читалня 914599 Регионална библиотека "Любен Каравелов" Русе Регионална библиотека "Любен Каравелов" Русе Хранилище 2022-12-01 Хранилище 0.25 253042 Цб 90900 120000253042 0.13 Книги
Vip Innovations Ltd, Rousse, Bulgaria 2025